Normal view
MARC view
Entry Geographic Name
001 - CONTROL NUMBER
- control field: 7852
003 - CONTROL NUMBER IDENTIFIER
- control field: OSt
005 - DATE AND TIME OF LATEST TRANSACTION
- control field: 20160413184941.0
008 - FIXED-LENGTH DATA ELEMENTS
- fixed length control field: 160413|| aca||aabn | a|a d
040 ## - CATALOGING SOURCE
- Original cataloging agency: OSt
- Transcribing agency: OSt
151 ## - HEADING--GEOGRAPHIC NAME
- Geographic name: Africa
- General subdivision: Economic policy
- General subdivision: Citizen participation.
670 ## - SOURCE DATA FOUND
- Source citation: Work cat.: (OSt)3519: The human factor approach to development in Africa /, 1998.
